000 00635cam a2200229 4500500
005 20260329003318.0
041 _afre
042 _adc
100 1 0 _aLegros, Martin
_eauthor
245 0 0 _aÀ quoi tu panse ?
260 _c2015.
500 _a59
690 _aCerveau
690 _aDeuxième cerveau
690 _aHenri Atlan
690 _aMichel Neunlist
690 _aNeurone
690 _aSpinoza
690 _aVentre
786 0 _nPhilosophie magazine | 90 | 6 | 2015-06-01 | p. 24-25 | 1951-1787
856 4 1 _uhttps://shs.cairn.info/magazine-philosophie-magazine-2015-6-page-24?lang=fr&redirect-ssocas=7080
999 _c1823421
_d1823421